[Event "Jacarei op 2nd"]
[Site "Jacarei"]
[Date "2019.07.28"]
[Round "5"]
[White "Ataide, Gerson Britto"]
[Black "Mendonca, Felipe Calvejani"]
[Result "1-0"]
[WhiteElo "1431"]
[BlackElo "1770"]
[PlyCount "41"]
[EventDate "2019.07.26"]
[EventType "swiss"]
[EventRounds "6"]
[EventCountry "BRA"]
[SourceTitle "CBM 191 Extra"]
[Source "ChessBase"]
[SourceDate "2019.09.30"]
[SourceVersion "1"]
[SourceVersionDate "2019.09.30"]
[SourceQuality "1"]

1. e4 c5 2. Nf3 e6 3. d4 cxd4 4. Nxd4 Nc6 5. Nc3 Nf6 6. Bg5 Be7 7. Nxc6 bxc6 8. e5 Nd5 9. Bxe7 Nxe7 10. Bd3 Ng6 11. Bxg6 fxg6 12. Qd3 Qe7 13. Ne4 Ba6 14. b3 Qh4 15. Nc5 Bc8 16. 0-0-0 Qg5+ 17. Kb1 Qxg2 18. Nxe6 Kf7 19. Rhg1 Qxh2 20. Nc7 Rb8 21. e6+ 1-0

[Event "BRA-ch U14"]
[Site "Florianopolis"]
[Date "2019.04.18"]
[Round "1"]
[White "Mendonca, Felipe Calvejani"]
[Black "Correa, Joao Pedro Vieira"]
[Result "0-1"]
[WhiteElo "1801"]
[BlackElo "1564"]
[PlyCount "83"]
[EventDate "2019.04.18"]
[EventType "swiss"]
[EventRounds "6"]
[EventCountry "BRA"]
[SourceTitle "CBM 190 Extra"]
[Source "ChessBase"]
[SourceDate "2019.07.15"]
[SourceVersion "1"]
[SourceVersionDate "2019.07.15"]
[SourceQuality "1"]

1. e4 c5 2. Nf3 d6 3. c3 Nf6 4. Bd3 Nc6 5. h3 e6 6. 0-0 Be7 7. Re1 Qc7 8. Bc2 Ne5 9. Nxe5 dxe5 10. d3 h6 11. Nd2 0-0 12. Nf1 b6 13. Be3 Rd8 14. Ng3 Bb7 15. Qc1 Bf8 16. Bd2 Ba6 17. Re3 Rd6 18. c4 Rad8 19. Bc3 R8d7 20. b3 Bb7 21. Qd1 Be7 22. Qe2 g6 23. Bd2 Kh7 24. Nf1 Bf8 25. Nh2 Bxe4 26. Rd1 Bb7 27. Ng4 Nxg4 28. hxg4 Bg7 29. Rh3 f6 30. g5 f5 31. Qe3 f4 32. Rxh6+ Kg8 33. Qh3 Bxh6 34. Qxh6 Rg7 35. d4 Qf7 36. Re1 e4 37. Qh3 Qf5 38. g4 fxg3 39. Qxg3 cxd4 40. Rd1 Rh7 41. Be3 dxe3 42. a3 0-1